000 00633cam a2200181 i 4500
005 20251230093348.0
008 250721s1991 ua gr 000 0 ara d
082 1 4 _a218.9
_bب ص ر
100 1 _aالبصري، الحسن
_eمؤلف.
245 1 2 _aالزهد /
_cد.محمد عبدالرحيم محمد
264 3 1 _aالقاهرة :
_bدار الحديث للطبع والنشر والتوزيع،
_c1991.
300 _a177صفحه.
650 1 7 _aالصوفية.
650 1 7 _aالفلسفة الإسلامية.
700 1 _aمحمد، محمد عبد الرحيم
_eتحقيق
942 _2ddc
_cBK
999 _c4136
_d4136